000 00827nam a22002777a 4500
001 BR3900002
003 BR-BrBNA
005 20230928082903.0
007 ta
008 230509b bl.||||| |||| 00| 0 por d
040 _aBR-BrBNA
_bpor
_cBiblioteca Nacional de Agricultura
041 _a(Por)
072 _aF00; E70
_b0331
_b/G514
090 _ 0331 BR3900002
100 1 _aMeyer, A.C.
245 1 _aA racionalizacao da cultura da mamoneira. Padronizacao e aumento da exportacao da mamona [Ricinus communis; Brasil]
260 3 _aPiracicaba, SP (Brasil):
_c1939.
300 _a14 p.
500 _aReprint of "Jornal de Agronomia", v. 2(1)Jan 1939
650 _aMAMONA
650 _aPLANTA OLEAGINOSA
650 _aINDUSTRIALIZACAO
650 _aEXPORTACAO
909 _a202309
_bLucia
_c55
_dLucia Elande
942 _cBK
999 _c10448
_d10448